[Event "Paks op"]
[Site "Paks"]
[Date "2008.08.01"]
[Round "4"]
[White "Csom, Etelka"]
[Black "Pataki, Gyozo"]
[Result "0-1"]
[WhiteElo "2080"]
[BlackElo "2364"]
[PlyCount "64"]
[EventDate "2008.07.30"]
[EventType "swiss"]
[EventRounds "7"]
[EventCountry "HUN"]
[SourceTitle "EXT 2011"]
[Source "ChessBase"]
[SourceDate "2010.11.26"]
[SourceVersion "1"]
[SourceVersionDate "2010.11.26"]
[SourceQuality "1"]

1. e4 c5 2. Nc3 Nc6 3. g3 g6 4. Bg2 Bg7 5. d3 d6 6. Be3 e5 7. Qd2 Nge7 8. Bh6 Bxh6 9. Qxh6 Nd4 10. Qd2 Be6 11. Nd5 Bxd5 12. exd5 h5 13. c3 Ndf5 14. h4 b5 15. Ne2 Rb8 16. Qg5 Ng8 17. Qd2 Ngh6 18. 0-0 Ng4 19. Rfe1 0-0 20. Bh3 Kg7 21. Kg2 Qf6 22. Ng1 Ne7 23. c4 bxc4 24. dxc4 Nf5 25. Nf3 e4 26. Bxg4 hxg4 27. Ng5 Rxb2 28. Qf4 e3 29. Ne4 Nxh4+ 30. Kf1 Qxf4 31. gxf4 exf2 32. Nxf2 g3 0-1

[Event "Budapest Spring op 19th"]
[Site "Budapest"]
[Date "2003.03.20"]
[Round "7"]
[White "Varadi, Viktor"]
[Black "Csom, Etelka"]
[Result "1-0"]
[WhiteElo "2338"]
[BlackElo "2131"]
[PlyCount "49"]
[EventDate "2003.03.14"]
[EventType "swiss"]
[EventRounds "9"]
[EventCountry "HUN"]
[SourceTitle "CBM 093 Extra"]
[Source "ChessBase"]
[SourceDate "2003.05.09"]
[SourceVersion "1"]
[SourceVersionDate "2003.05.09"]
[SourceQuality "1"]

1. e4 e5 2. Nf3 Nc6 3. Bb5 Nf6 4. 0-0 Bc5 5. c3 0-0 6. d4 Bb6 7. Bg5 d6 8. a4 a5 9. h3 h6 10. Bh4 g5 11. Nxg5 hxg5 12. Bxg5 Kg7 13. Nd2 Ne7 14. f4 Nh7 15. Qh5 Nxg5 16. fxg5 Be6 17. Qh6+ Kg8 18. Rf6 exd4 19. Bd3 dxc3+ 20. Kh1 Qd7 21. bxc3 Be3 22. Nf1 Bc5 23. Ng3 Bg4 24. hxg4 Qxg4 25. e5 1-0

[Event "Budapest Spring op 18th"]
[Site "Budapest"]
[Date "2002.03.18"]
[Round "4"]
[White "Cooke, Eric"]
[Black "Csom, Etelka"]
[Result "1-0"]
[WhiteElo "2195"]
[BlackElo "2134"]
[PlyCount "49"]
[EventDate "2002.03.15"]
[EventType "swiss"]
[EventRounds "9"]
[EventCountry "HUN"]
[SourceTitle "CBM 087 Extra"]
[Source "ChessBase"]
[SourceDate "2002.05.03"]
[SourceVersion "2"]
[SourceVersionDate "2002.08.09"]
[SourceQuality "1"]

1. d4 d5 2. c4 c6 3. Nf3 Nf6 4. Nc3 dxc4 5. e4 b5 6. e5 Nd5 7. a4 Nxc3 8. bxc3 e6 9. Ng5 Be7 10. Qh5 Bxg5 11. Bxg5 Qc7 12. Be2 Bb7 13. 0-0 Nd7 14. f4 Nf8 15. Qh3 a6 16. Bh5 c5 17. f5 exf5 18. Qxf5 Bd5 19. e6 Bxe6 20. Qe4 Rb8 21. Bxf7+ Qxf7 22. Rxf7 Kxf7 23. Rf1+ Kg8 24. Be7 Bf7 25. Qf4 1-0

[Event "Budapest Spring op 18th"]
[Site "Budapest"]
[Date "2002.03.17"]
[Round "3"]
[White "Csom, Etelka"]
[Black "Dombai, Istvan"]
[Result "1/2-1/2"]
[WhiteElo "2134"]
[BlackElo "2214"]
[PlyCount "126"]
[EventDate "2002.03.15"]
[EventType "swiss"]
[EventRounds "9"]
[EventCountry "HUN"]
[SourceTitle "CBM 087 Extra"]
[Source "ChessBase"]
[SourceDate "2002.05.03"]
[SourceVersion "2"]
[SourceVersionDate "2002.08.09"]
[SourceQuality "1"]

1. e4 c5 2. Nf3 d6 3. Bb5+ Nc6 4. 0-0 Nf6 5. Re1 e5 6. h3 Be7 7. c3 0-0 8. d4 Qc7 9. d5 Nb8 10. a4 a6 11. Bf1 b6 12. Na3 Nbd7 13. Bg5 h6 14. Bxf6 Nxf6 15. Qb3 Bd7 16. Rad1 Rfb8 17. c4 Qc8 18. Qc2 Ne8 19. b3 Nc7 20. Qd3 b5 21. Nxe5 bxa4 22. bxa4 Bxa4 23. Rb1 dxe5 24. d6 Ne6 25. dxe7 Nd4 26. Rxb8 Qxb8 27. Qc3 Qc7 28. Nb1 Qxe7 29. Qa5 Bc6 30. Nc3 Qg5 31. Rd1 Rb8 32. Qxc5 Rb2 33. Nd5 Bxd5 34. cxd5 Nf3+ 35. Kh1 Qf4 36. Qc8+ Kh7 37. Qf5+ Qxf5 38. exf5 Nd4 39. Bxa6 Rb6 40. Bd3 f6 41. Be4 Kg8 42. Kg1 Kf7 43. Kf1 Ke7 44. f4 Kd6 45. g4 Rb3 46. Bg2 Nc2 47. fxe5+ Kxe5 48. Rd2 Ne3+ 49. Kf2 Nxg2 50. Kxg2 Rb7 51. d6 Rd7 52. Kf3 h5 53. Re2+ Kxd6 54. Rd2+ Ke7 55. Rxd7+ Kxd7 56. Ke4 hxg4 57. hxg4 Kc6 58. Kf4 Kc5 59. g5 Kd5 60. gxf6 gxf6 61. Kf3 Ke5 62. Kg3 Kxf5 63. Kf3 Kg5 1/2-1/2

[Event "Tapolca Evadnyito op"]
[Site "Budapest"]
[Date "2002.01.09"]
[Round "6"]
[White "Bencze, Laszlo"]
[Black "Csom, Etelka"]
[Result "1-0"]
[WhiteElo "2267"]
[BlackElo "2134"]
[PlyCount "63"]
[EventDate "2002.01.04"]
[EventType "swiss"]
[EventRounds "9"]
[EventCountry "HUN"]
[SourceTitle "EXT 2004"]
[Source "ChessBase"]
[SourceDate "2003.11.25"]
[SourceVersion "1"]
[SourceVersionDate "2003.11.25"]
[SourceQuality "1"]

1. Nf3 d5 2. g3 Nf6 3. Bg2 Bf5 4. d3 h6 5. c4 c6 6. cxd5 cxd5 7. Qb3 Qc8 8. Nc3 e6 9. Bf4 Nc6 10. 0-0 Nh5 11. Bd2 Bd6 12. Nb5 Be7 13. Qa4 a6 14. Nbd4 b5 15. Qb3 Nxd4 16. Nxd4 Bg6 17. Rfc1 Qd7 18. a4 0-0 19. axb5 axb5 20. Rxa8 Rxa8 21. Nc6 Bd6 22. Nd4 Rb8 23. Bb4 Be5 24. Nc6 Bd6 25. Bxd6 Qxd6 26. Nxb8 Qxb8 27. Rc5 b4 28. Qa4 Nf6 29. Bf3 Bf5 30. Qb5 Qa7 31. Qa5 Qb8 32. Qc7 1-0

[Event "Tapolca Evadnyito op"]
[Site "Budapest"]
[Date "2002.01.06"]
[Round "3"]
[White "Csom, Etelka"]
[Black "Berczes, Csaba"]
[Result "1-0"]
[WhiteElo "2134"]
[BlackElo "2244"]
[PlyCount "71"]
[EventDate "2002.01.04"]
[EventType "swiss"]
[EventRounds "9"]
[EventCountry "HUN"]
[SourceTitle "EXT 2004"]
[Source "ChessBase"]
[SourceDate "2003.11.25"]
[SourceVersion "1"]
[SourceVersionDate "2003.11.25"]
[SourceQuality "1"]

1. e4 c5 2. Nc3 Nc6 3. g3 g6 4. Bg2 Bg7 5. d3 e6 6. Be3 d6 7. f4 Nd4 8. Nf3 Ne7 9. 0-0 0-0 10. e5 Nef5 11. Bf2 Qb6 12. Rb1 Bd7 13. Ne4 Bc6 14. c3 Nxf3+ 15. Bxf3 Rfd8 16. g4 Bxe4 17. Bxe4 Ne7 18. b4 dxe5 19. bxc5 Qa5 20. Rxb7 Nd5 21. Bxd5 Rxd5 22. c4 Rdd8 23. fxe5 Bxe5 24. Rxf7 Qc3 25. Qf3 Bg7 26. Rb1 Rab8 27. Rxb8 Rxb8 28. Rxa7 Rf8 29. Ra8 Rxa8 30. Qxa8+ Bf8 31. Qe4 Qf6 32. c6 Bd6 33. Bd4 e5 34. Bf2 h5 35. Qd5+ Kh7 36. c7 1-0

[Event "Budapest Spring op 17th"]
[Site "Budapest"]
[Date "2001.03.24"]
[Round "9"]
[White "Csom, Etelka"]
[Black "Csapo, Zoltan"]
[Result "1-0"]
[WhiteElo "2113"]
[BlackElo "2232"]
[PlyCount "59"]
[EventDate "2001.03.16"]
[EventType "swiss"]
[EventRounds "9"]
[EventCountry "HUN"]
[SourceTitle "CBM 081 Extra"]
[Source "ChessBase"]
[SourceDate "2001.05.06"]
[SourceVersion "1"]
[SourceVersionDate "2001.05.06"]
[SourceQuality "1"]

1. e4 e5 2. Nf3 Nc6 3. d4 exd4 4. Nxd4 Bb4+ 5. c3 Ba5 6. Bc4 Qf6 7. 0-0 Bb6 8. Nxc6 bxc6 9. e5 Qh4 10. Bb3 Nh6 11. Qf3 0-0 12. Bf4 Nf5 13. Nd2 d5 14. exd6 cxd6 15. Ne4 d5 16. Ng5 h6 17. g3 Nxg3 18. hxg3 Qg4 19. Bd6 Qxg5 20. Bxf8 Bg4 21. Be7 f6 22. Qf4 Qh5 23. Bd1 Bxd1 24. Raxd1 Re8 25. Rfe1 Kf7 26. Bd6 Re2 27. Rxe2 Qxe2 28. Qb4 Qf3 29. Bc5 Bc7 30. Qb7 1-0

[Event "Tapolca op"]
[Site "Budapest"]
[Date "2000.01.10"]
[Round "4"]
[White "Csom, Etelka"]
[Black "Balogh, Csaba"]
[Result "0-1"]
[WhiteElo "2140"]
[BlackElo "2356"]
[PlyCount "68"]
[EventDate "2000.01.07"]
[EventType "swiss"]
[EventRounds "9"]
[EventCountry "HUN"]
[SourceTitle "EXT 2001"]
[Source "ChessBase"]
[SourceDate "2000.11.22"]
[SourceVersion "1"]
[SourceVersionDate "2000.11.22"]
[SourceQuality "1"]

1. e4 c5 2. Nc3 Nc6 3. g3 g6 4. Bg2 Bg7 5. d3 e6 6. Be3 d6 7. Qd2 Qa5 8. f4 Nge7 9. Nf3 Nd4 10. 0-0 Nec6 11. Bf2 0-0 12. Nxd4 Nxd4 13. Rae1 Bd7 14. e5 dxe5 15. fxe5 Bc6 16. Bxc6 Nxc6 17. Ne4 Qxd2 18. Nxd2 Nxe5 19. Bxc5 Rfc8 20. d4 Nd7 21. Ne4 b6 22. Nd6 bxc5 23. Nxc8 Bxd4+ 24. Kg2 Rxc8 25. Rd1 Nb6 26. c3 Bg7 27. a4 Nd5 28. Rf3 a5 29. c4 Nb6 30. Rd6 Nxc4 31. Ra6 Nxb2 32. Rxa5 c4 33. Ra7 f5 34. Rf4 c3 0-1

[Event "Tapolca op"]
[Site "Budapest"]
[Date "2000.01.08"]
[Round "2"]
[White "Csom, Etelka"]
[Black "Papp, Gellert"]
[Result "0-1"]
[WhiteElo "2140"]
[BlackElo "2234"]
[PlyCount "76"]
[EventDate "2000.01.07"]
[EventType "swiss"]
[EventRounds "9"]
[EventCountry "HUN"]
[SourceTitle "EXT 2001"]
[Source "ChessBase"]
[SourceDate "2000.11.22"]
[SourceVersion "1"]
[SourceVersionDate "2000.11.22"]
[SourceQuality "1"]

1. e4 c5 2. Nc3 Nc6 3. g3 g6 4. Bg2 Bg7 5. d3 d6 6. Be3 Nf6 7. h3 0-0 8. Qd2 e5 9. Bh6 Nd4 10. Bxg7 Kxg7 11. Nd1 b5 12. c3 Ne6 13. Ne2 Rb8 14. 0-0 d5 15. Qc2 Bb7 16. f4 exf4 17. e5 Nh5 18. gxf4 Qh4 19. Qd2 d4 20. cxd4 Bxg2 21. Kxg2 Nxd4 22. Ndc3 b4 23. Ne4 Nxe2 24. Qxe2 Nxf4+ 25. Rxf4 Qxf4 26. Nxc5 Rfe8 27. Re1 Rbd8 28. Qe4 Qg5+ 29. Kh2 Rd5 30. Qxd5 Qd2+ 31. Qg2 Qxe1 32. d4 Qe3 33. Qd5 Qf4+ 34. Kg2 Qg5+ 35. Kh2 Rd8 36. Qb7 Qf4+ 37. Kg2 Kh6 38. e6 Rxd4 0-1

[Event "Budapest WFG op"]
[Site "Budapest"]
[Date "2000.??.??"]
[Round "?"]
[White "Csom, Etelka"]
[Black "Jakab, Attila"]
[Result "0-1"]
[WhiteElo "2120"]
[BlackElo "2295"]
[PlyCount "60"]
[EventDate "2000.??.??"]
[EventType "swiss"]
[EventRounds "9"]
[EventCountry "HUN"]
[SourceTitle "EXT 2004"]
[Source "ChessBase"]
[SourceDate "2003.11.25"]
[SourceVersion "1"]
[SourceVersionDate "2003.11.25"]
[SourceQuality "1"]

1. e4 e6 2. d4 d5 3. Nc3 Nf6 4. e5 Nfd7 5. f4 c5 6. Nf3 Nc6 7. Be3 cxd4 8. Nxd4 Bc5 9. Qd2 0-0 10. 0-0-0 a6 11. Nce2 Na5 12. b3 Qb6 13. Ng3 f6 14. exf6 Nxf6 15. Be2 Bd7 16. Rhf1 Rfc8 17. Qd3 Bb5 18. Qd2 Nc6 19. Bg1 Bxe2 20. Ngxe2 Ne4 21. Qd3 Nb4 22. Qh3 Bxd4 23. Nxd4 Qc5 24. Qxe6+ Kh8 25. c4 Qa5 26. a4 Rxc4+ 27. Kb2 Qc5 28. Qe5 Rc2+ 29. Nxc2 Qxc2+ 30. Ka3 Qa2+ 0-1

[Event "Budapest Balatontourist"]
[Site "Budapest"]
[Date "1998.??.??"]
[Round "1"]
[White "Kiss, Peter"]
[Black "Csom, Etelka"]
[Result "1/2-1/2"]
[WhiteElo "2035"]
[BlackElo "2190"]
[PlyCount "29"]
[EventDate "1998.??.??"]
[EventType "swiss"]
[EventRounds "9"]
[EventCountry "HUN"]
[SourceTitle "EXT 2004"]
[Source "ChessBase"]
[SourceDate "2003.11.25"]
[SourceVersion "1"]
[SourceVersionDate "2003.11.25"]
[SourceQuality "1"]

1. d4 d5 2. c4 dxc4 3. Nf3 c5 4. e3 cxd4 5. exd4 Be6 6. Nc3 Nf6 7. Ne5 Nc6 8. Nxc6 bxc6 9. Qa4 Bd5 10. Bxc4 Qd7 11. 0-0 Bxg2 12. Kxg2 Qg4+ 13. Kh1 Qf3+ 14. Kg1 Qg4+ 15. Kh1 1/2-1/2

[Event "Budapest Balatontourist"]
[Site "Budapest"]
[Date "1998.??.??"]
[Round "3"]
[White "Limbrunner, Tibor"]
[Black "Csom, Etelka"]
[Result "1/2-1/2"]
[WhiteElo "2025"]
[BlackElo "2190"]
[PlyCount "38"]
[EventDate "1998.??.??"]
[EventType "swiss"]
[EventRounds "9"]
[EventCountry "HUN"]
[SourceTitle "EXT 2004"]
[Source "ChessBase"]
[SourceDate "2003.11.25"]
[SourceVersion "1"]
[SourceVersionDate "2003.11.25"]
[SourceQuality "1"]

1. Nf3 d5 2. d4 c5 3. c3 cxd4 4. cxd4 Nf6 5. Bf4 Nc6 6. Nc3 e6 7. a3 a6 8. h3 Be7 9. e3 0-0 10. Bd3 Na5 11. Nd2 b5 12. 0-0 Bd7 13. b4 Nc4 14. Nb3 Nxa3 15. Nc5 Bxc5 16. dxc5 Nc4 17. Bxc4 bxc4 18. Ra5 Bc6 19. Bg5 Qc8 1/2-1/2

[Event "HUN-chT 9697"]
[Site "Hungary"]
[Date "1997.??.??"]
[Round "15"]
[White "Csom, Etelka"]
[Black "Meszaros, Tamas"]
[Result "1-0"]
[WhiteElo "2170"]
[BlackElo "2185"]
[PlyCount "91"]
[EventDate "1996.??.??"]
[EventType "team"]
[EventRounds "12"]
[EventCountry "HUN"]
[SourceTitle "EXT 2006"]
[Source "ChessBase"]
[SourceDate "2005.11.24"]
[SourceVersion "1"]
[SourceVersionDate "2005.11.24"]
[SourceQuality "1"]
[WhiteTeam "Vasas"]
[BlackTeam "Csuti"]
[WhiteTeamCountry "HUN"]
[BlackTeamCountry "HUN"]

1. e4 e5 2. Nf3 Nc6 3. Bc4 Nf6 4. d3 Bc5 5. c3 d6 6. b4 Bb6 7. a4 a6 8. 0-0 h6 9. Nbd2 0-0 10. Bb3 Bg4 11. Nc4 Ba7 12. Be3 Bxe3 13. Nxe3 Bh5 14. Re1 Ne7 15. Nf1 Ng6 16. h3 Nh4 17. g4 Nxf3+ 18. Qxf3 Bg6 19. Ng3 Nh7 20. Kh2 Qh4 21. Nf5 Bxf5 22. exf5 Ng5 23. Qg3 Qxg3+ 24. Kxg3 Rfe8 25. h4 Nh7 26. f4 Rad8 27. g5 Kf8 28. Re4 d5 29. Rxe5 Rxe5 30. fxe5 hxg5 31. hxg5 Nxg5 32. Kg4 f6 33. d4 c6 34. Re1 Ne4 35. Re3 Re8 36. Kf4 Nd2 37. Ba2 Kf7 38. Rd3 Ne4 39. c4 Rd8 40. cxd5 cxd5 41. Bxd5+ Rxd5 42. Kxe4 Rd8 43. Rc3 fxe5 44. dxe5 b6 45. Rc7+ Kf8 46. Rc6 1-0

[Event "Balatonturist op"]
[Site "Balatonbereny"]
[Date "1997.??.??"]
[Round "6"]
[White "Csom, Etelka"]
[Black "Nagy, Zoltan"]
[Result "0-1"]
[WhiteElo "2170"]
[BlackElo "2245"]
[PlyCount "78"]
[EventDate "1997.??.??"]
[EventType "swiss"]
[EventRounds "9"]
[EventCountry "HUN"]
[SourceTitle "EXT 2001"]
[Source "ChessBase"]
[SourceDate "2000.11.22"]
[SourceVersion "1"]
[SourceVersionDate "2000.11.22"]
[SourceQuality "1"]

1. e4 c5 2. Nc3 d6 3. g3 Nc6 4. Bg2 g6 5. f4 Bg7 6. d3 e6 7. Nf3 Nge7 8. 0-0 0-0 9. Be3 Nd4 10. e5 Nef5 11. Bf2 dxe5 12. fxe5 Rb8 13. Ne4 b6 14. Nf6+ Bxf6 15. exf6 Nxf3+ 16. Qxf3 Bb7 17. Qf4 Bxg2 18. Kxg2 Qxf6 19. c3 e5 20. Qe4 Qe6 21. Rfe1 Rfe8 22. Qa4 h5 23. Re4 Qd5 24. Kg1 Re7 25. Rd1 Rd8 26. h3 Red7 27. g4 hxg4 28. hxg4 Nd6 29. Re3 f6 30. Rh3 Qe6 31. Kg2 Nf7 32. Bh4 Kg7 33. Rf1 g5 34. Bg3 Rxd3 35. Qxa7 Rd2+ 36. Kg1 Rxb2 37. Rh5 Rd7 38. Qa3 Rxa2 39. Qc1 Qxg4 0-1

[Event "Balatonturist op"]
[Site "Balatonbereny"]
[Date "1997.??.??"]
[Round "3"]
[White "Vukovic, Ivo"]
[Black "Csom, Etelka"]
[Result "1/2-1/2"]
[WhiteElo "2295"]
[BlackElo "2170"]
[PlyCount "31"]
[EventDate "1997.??.??"]
[EventType "swiss"]
[EventRounds "9"]
[EventCountry "HUN"]
[SourceTitle "EXT 2001"]
[Source "ChessBase"]
[SourceDate "2000.11.22"]
[SourceVersion "1"]
[SourceVersionDate "2000.11.22"]
[SourceQuality "1"]

1. Nf3 d5 2. c4 c6 3. b3 Nf6 4. Bb2 Bf5 5. g3 e6 6. Bg2 Be7 7. 0-0 0-0 8. d3 h6 9. Nbd2 Nbd7 10. a3 a5 11. Rc1 Qb6 12. Qc2 Bh7 13. Qc3 Ne8 14. Qc2 Nef6 15. Qc3 Ne8 16. Qc2 1/2-1/2

[Event "Budapest-ch rap"]
[Site "Budapest"]
[Date "1996.??.??"]
[Round "?"]
[White "Francsics, Endre"]
[Black "Csom, Etelka"]
[Result "1-0"]
[WhiteElo "2540"]
[BlackElo "2325"]
[PlyCount "55"]
[EventDate "1996.??.??"]
[EventType "swiss"]
[EventRounds "7"]
[EventCountry "HUN"]
[SourceTitle "EXT 2006"]
[Source "ChessBase"]
[SourceDate "2005.11.24"]
[SourceVersion "1"]
[SourceVersionDate "2005.11.24"]
[SourceQuality "1"]

1. d4 f5 2. g3 Nf6 3. Bg2 g6 4. c3 Bg7 5. Qb3 c6 6. Nh3 Qb6 7. 0-0 d6 8. Nd2 Qxb3 9. axb3 Be6 10. b4 Bd5 11. f3 e5 12. dxe5 dxe5 13. e4 fxe4 14. fxe4 Bg8 15. Re1 Nbd7 16. Bf1 h6 17. Nf2 a6 18. Bc4 Ke7 19. Bxg8 Rhxg8 20. Nc4 Rgd8 21. Be3 Ne8 22. Red1 Nf8 23. Ng4 Ke6 24. Na5 h5 25. Nf2 Rxd1+ 26. Rxd1 Rb8 27. Ba7 Ra8 28. Bc5 1-0

[Event "Budapest-ch rap"]
[Site "Budapest"]
[Date "1996.??.??"]
[Round "?"]
[White "Peredy, Ferenc"]
[Black "Csom, Etelka"]
[Result "0-1"]
[WhiteElo "2365"]
[BlackElo "2325"]
[PlyCount "32"]
[EventDate "1996.??.??"]
[EventType "swiss"]
[EventRounds "7"]
[EventCountry "HUN"]
[SourceTitle "EXT 2006"]
[Source "ChessBase"]
[SourceDate "2005.11.24"]
[SourceVersion "1"]
[SourceVersionDate "2005.11.24"]
[SourceQuality "1"]

1. d4 Nf6 2. c4 g6 3. Nc3 Bg7 4. e4 d6 5. Nf3 0-0 6. Be2 e5 7. d5 a5 8. Bg5 h6 9. Bxf6 Bxf6 10. Qc2 Na6 11. a3 Nc5 12. h3 a4 13. Rb1 Bg7 14. Na2 f5 15. Nd2 fxe4 16. Nxe4 Nxe4 0-1